| 000 | 00759nam a2200217Ia 4500 | ||
|---|---|---|---|
| 003 | GCL | ||
| 008 | 140319s9999 xx 000 0 ara d | ||
| 040 |
_aGCL / _cGCL |
||
| 082 | 0 | 4 |
_a320.9 _bر ع |
| 100 | 1 | _aعبدالرحمن منيف | |
| 245 | 1 | 0 |
_aعودة الاستعمار من الغزو الثقافى الى حرب الخليج / _cعبدالرحمن منيف |
| 700 | 1 | _aرياض نجيب الريس | |
| 700 | 1 | _aفاصل العزاوى | |
| 260 |
_a[S.N] : _bرياض الريس للكتب والنشر ، _c1991 |
||
| 300 | _a265 ص | ||
| 490 |
_aسلسلة كتاب الناقد _v0 |
||
| 650 | 0 | 4 | _aالاحوال السياسية |
| 650 | 0 | 4 | _aالوطن العربى |
| 650 | 0 | 4 | _aالاسلام والسياسة |
| 942 |
_2ddc _cBK |
||
| 999 |
_c55450 _d55450 |
||